Australian Test Cricket Captains - Statistics

General Stats
  • This quiz has been taken 66 times
  • The average score is 13 of 47
Answer Stats
Captain # Span Tests Captain % Correct
45 2014-present 38 Steve Smith
95%
42 2003-11 77 Ricky Ponting
88%
40 1998-2004 57 Steve Waugh
84%
38 1984-94 93 Allan Border
82%
21 1936-48 24 Don Bradman
82%
47 2021-present 26 Pat Cummins
82%
46 2017-21 23 Tim Paine
81%
43 2010-2015 47 Michael Clarke
79%
39 1994-99 50 Mark Taylor
72%
35 1975-83 48 Greg Chappell
65%
34 1970-75 30 Ian Chappell
61%
41 2000-05 6 Adam Gilchrist
60%
32 1967-71 25 Bill Lawry
47%
37 1978-85 28 Kim Hughes
46%
44 2012-13 1 Shane Watson
44%
28 1959-64 28 Richie Benaud
42%
30 1963-78 39 Bob Simpson
25%
36 1978-79 7 Graham Yallop
23%
26 1956-57 1 Ray Lindwall
19%
19 1930-34 25 Bill Woodfull
16%
24 1951-55 2 Arthur Morris
14%
15 1920-21 10 Warwick Armstrong
12%
25 1954-57 17 Ian Johnson
11%
23 1949-53 24 Lindsay Hassett
11%
29 1961 1 Neil Harvey
11%
27 1957-58 5 Ian Craig
9%
20 1935-36 5 Vic Richardson
9%
33 1968 1 Barry Jarman
7%
31 1965-66 2 Brian Booth
7%
2 1880-90 16 Billy Murdoch
5%
13 1910-12 10 Clem Hill
5%
1 1876-79 3 Dave Gregory
5%
16 1921-26 11 Herbie Collins
5%
18 1928-29 5 Jack Ryder
5%
10 1899-1905 21 Joe Darling
5%
14 1912 6 Syd Gregory
5%
22 1945-46 1 Bill Brown
4%
8 1894-95 4 George Giffen
4%
5 1884-95 8 Jack Blackham
4%
12 1903-09 15 Monty Noble
4%
3 1884-85 2 Tom Horan
4%
17 1926 2 Warren Bardsley
4%
4 1884-85 1 Hugh Massie
2%
11 1901-02 2 Hugh Trumble
2%
9 1896-98 8 Harry Trott
0%
7 1886-88 6 Percy McDonnell
0%
6 1886 3 Tup Scott
0%
No matching quizzes found
Score Distribution
Percent of People with Each Score
Percentile by Number Answered
Your Score History
You have not taken this quiz